Úlohy a funkcie emisnej banky

Hlavným bankovým miestom Európy sa stáva Frankfurt nad Mohanom. Tu má sídlo aj Deutsche Bundesbank a novozriadený Európsky menový inštitút. Úlohy a perspektívy Bundesbanky, menová politika, burzová a devízová politika, bankový dohľad a poistenie vkladov, platobný styk.

Uložené v:
Podrobná bibliografia
Hlavný autor: Némethy, Peter
Médium: Kapitola
Jazyk:Slovak
Predmet:
Tagy: Pridať tag
Žiadne tagy, Buďte prvý, kto otaguje tento záznam!

MARC

LEADER 00000naa a2200000 4500
001 r014842
005 20221213113122.4
041 0 |a slo 
044 |a SK 
245 1 0 |a Úlohy a funkcie emisnej banky  |c Peter Némethy 
520 |a Hlavným bankovým miestom Európy sa stáva Frankfurt nad Mohanom. Tu má sídlo aj Deutsche Bundesbank a novozriadený Európsky menový inštitút. Úlohy a perspektívy Bundesbanky, menová politika, burzová a devízová politika, bankový dohľad a poistenie vkladov, platobný styk. 
610 2 0 |a banky 
610 2 0 |a banky emisné 
610 2 0 |a Deutsche Bundesbank 
610 2 0 |a Európsky menový inštitút 
610 2 0 |a Nemecko 
100 1 |a Némethy, Peter